Endocrinología de la mujer / (Record no. 35040)

MARC details
000 -LEADER
campo de control de longitud fija 00829nam a2200217 i 4500
001 - NÚMERO DE CONTROL
campo de control 35040
003 - IDENTIFICADOR DE NÚMERO DE CONTROL
campo de control ES-MaACL
005 - FECHA Y HORA DE LA ÚLTIMA TRANSACCIÓN
campo de control 20250723100700.0
007 - CAMPO FIJO DE DESCRIPCIÓN FÍSICA--INFORMACIÓN GENERAL
campo de control de longitud fija t|
008 - DATOS DE LONGITUD FIJA--INFORMACIÓN GENERAL
campo de control de longitud fija 030211s1949 sp ||||1| spa d
100 1# - ENTRADA PRINCIPAL--NOMBRE DE PERSONA
Nombre de persona Botella Llusiá, José,
Fechas asociadas al nombre 1912-2002
9 (RLIN) 30758
245 10 - MENCIÓN DEL TÍTULO
Título Endocrinología de la mujer /
Mención de responsabilidad, etc. ciclo de conferencias que sobre este tema desarrolla José Botella Llusiá ; tomadas taquigraficamente por Chaminade y corregidas por el autor.
260 ## - PUBLICACIÓN, DISTRIBUCIÓN, ETC.
Lugar de publicación, distribución, etc. Madrid :
Nombre del editor, distribuidor, etc. Libros Técnicos,
Fecha de publicación, distribución, etc. 1949.
300 ## - DESCRIPCIÓN FÍSICA
Extensión 2 v. ;
Dimensiones 16 cm.
500 ## - NOTA GENERAL
Nota general Ejemplar multicopia.
500 ## - NOTA GENERAL
Nota general Precede al tít.: Facultad de Medicina de Madrid.
650 #4 - PUNTO DE ACCESO ADICIONAL DE MATERIA--TÉRMINO DE MATERIA
Término de materia o nombre geográfico como elemento de entrada Endocrinología ginecológica.
9 (RLIN) 166160
710 20 - ENTRADA AGREGADA--NOMBRE DE ENTIDAD CORPORATIVA
Nombre de entidad corporativa o nombre de jurisdicción como elemento de entrada Universidad de Madrid.
Unidad subordinada Facultad de Medicina
9 (RLIN) 7215
852 4# - LOCALIZACIÓN
Ubicación ES-MaACL
Número de control de estantería D-6717-18
Holdings
Estatus retirado Estado de pérdida Estado de daño No para préstamo Biblioteca de origen Biblioteca actual Ubicación en estantería Fecha de adquisición Fuente de adquisición Total de préstamos Signatura topográfica completa Código de barras Visto por última vez Precio de reemplazo Tipo de ítem Koha
        Biblioteca del Ateneo de Madrid Biblioteca del Ateneo de Madrid Sala Valle Inclán 17/01/2008     D-6717-18 901036626 23/02/2023 23/02/2023 Libro impreso